Central Library OPAC University of Rajshahi

Socio-Economic and Environmental Impact of Underground Stone Collection on the Community People of Panchagarh District in Bangladesh / (Record no. 82223)

MARC details
000 -LEADER
fixed length control field 01000nam a2200241 a 4500
001 - CONTROL NUMBER
RUCL Control Number 82223
003 - CONTROL NUMBER IDENTIFIER
rucl marc code BD-RjUL
005 - DATE AND TIME OF LATEST TRANSACTION
control field 20231101150108.0
008 - FIXED-LENGTH DATA ELEMENTS--GENERAL INFORMATION
fixed length control field 231101s2015 bg a|||| m||| 00| 0 eng d
035 ## - SYSTEM CONTROL NUMBER
system control number (BD-RjUL)82223
040 ## - CATALOGING SOURCE
Original cataloging agency BD-RjUL
Language of cataloging eng
Transcribing agency BD-RjUL
Modifying agency BD-RjUL
041 ## - LANGUAGE CODE
Language code of Book eng
082 ## - DEWEY DECIMAL CLASSIFICATION NUMBER
DDC Edition number 23
Classification number 553.5095492
Author mark and Year AHS 2015
100 ## - MAIN ENTRY--PERSONAL NAME
Personal name Ahmmed, Md. Forhad
9 (RLIN) 9839
245 10 - TITLE STATEMENT
Title Socio-Economic and Environmental Impact of Underground Stone Collection on the Community People of Panchagarh District in Bangladesh /
Statement of responsibility, etc Researcher, Md. Forhad Ahmmed ;
Name of Supervisor/Co-Supervisor Supervisor : Md. Fakrul Islam
260 ## - PUBLICATION, DISTRIBUTION, ETC. (IMPRINT)
Place of publication, distribution, etc Rajshahi :
Name of publisher, distributor, etc Institute of Bangladesh Studies (IBS), Rajshahi University,
Date of publication, distribution, etc 2015
300 ## - PHYSICAL DESCRIPTION
Pagination xxi, 198 Leaves :
Other physical details ill, ;
Dimensions 29 cm.
502 ## - DISSERTATION NOTE
Dissertation note Thesis (Ph. D.) -- Institute of Bangladesh Studies (IBS), Rajshahi University, 2015
504 ## - BIBLIOGRAPHY, ETC. NOTE
Bibliography, etc Bibliography : Leaves [163]-173
650 ## - SUBJECT ADDED ENTRY--TOPICAL TERM
Topical term or geographic name as entry element Stone
Form subdivision Economic geology
Geographic subdivision Bangladesh
9 (RLIN) 9840
700 ## - ADDED ENTRY--SUPERVISOR/CO-SUPERVISOR NAME
Personal name Islam, Md. Fakrul, Supervisor
9 (RLIN) 1395
942 ## - ADDED ENTRY ELEMENTS (KOHA)
Source of classification or shelving scheme Dewey Decimal Classification
Koha item type Theses
Holdings
Source of classification or shelving scheme Damaged status Not for loan Collection code Permanent Location Current Location Shelving location Date of accession Source of acquisition Total Checkouts Full call number Barcode Date last seen Copy number Thesis
Dewey Decimal Classification   Not For Loan Theses Central Library, University of Rajshahi Central Library, University of Rajshahi Documentation Section 26/11/2015 Controller of Exam. R. U.   THE 553.5095492 AHS 2015 D3847 01/11/2023 C-1 Theses